000 00941nam a2200301 i 4500
003 EG-GICUC
005 20260414164809.0
008 260414b1933 fr ||||fr|||| 00| 0 fre d
040 0 _aEG-GiCUC
_bfre
_cEG-GiCUC
_dEG-GiCUC
_eRda
041 0 _afre
082 0 4 _221
_a343.2
_bKJ . P
092 0 4 _221
099 _aLaw1 10 343.2 KJ . P 1993
100 1 _akun . Jean
_eAuteur
245 _aLes Prancipales Imperfections Du Code Penal /
_cJean Kun
264 0 4 _aParis :
_bLes Editions Domat _ Montvhrestien ,
_c1933 .
300 _a167 page ;
_c 24 cm.
336 _2rda contenu
_a texte
337 _2rda medias
_aOrdinateur
338 _2 transporteur rda
_a Ressource en ligne
504 _aBibliography: pages 165 - 166 - 167
546 _aTexte en français
650 1 _aDroit pénal
_2qrmak
651 1 _2qrmak
856 4 0 _uhttps://fll.law.cu.edu.eg/fulltext/bks/B10-09922.pdf
905 _a165
942 _2ddc
_cBK
_e21
_n0
999 _c70963
_d70963